[Event "EIWCC 2017"]
[Site "Riga"]
[Date "2017.04.15"]
[Round "5"]
[White "Narva, Mai"]
[Black "Beydullayeva, Govhar"]
[Result "0-1"]
[WhiteElo "2249"]
[BlackElo "2054"]
[Annotator "NA"]
[PlyCount "74"]
[EventDate "2017.??.??"]
[EventType "swiss"]
[EventCountry "LAT"]
[SourceTitle "playchess.com"]
[Source "ChessBase"]
[SourceQuality "1"]
[TimeControl "40/5400+30:1800+30"]

1. e4 {[%emt 0:00:00]} c5 {[%emt 0:00:08]} 2. Nf3 {[%emt 0:00:00]} d6 {[%emt 0:00:04]} 3. d4 {[%emt 0:00:36]} cxd4 {[%emt 0:00:12]} 4. Nxd4 {[%emt 0:00:09]} Nf6 {[%emt 0:00:17]} 5. Nc3 {[%emt 0:00:12]} a6 {[%emt 0:00:04]} 6. Be2 {[%emt 0:00:25]} e5 {[%emt 0:00:05]} 7. Nb3 {[%emt 0:00:13]} Be7 {[%emt 0:00:07]} 8. O-O {[%emt 0:00:38]} O-O {[%emt 0:00:04]} 9. a4 {[%emt 0:02:26]} Nc6 {[%emt 0:00:25]} 10. Be3 {[%emt 0:01:23]} Be6 {[%emt 0:00:42]} 11. Bf3 {[%emt 0:02:56]} Nb4 {[%emt 0:02:39]} 12. a5 {[%emt 0:06:09]} Rc8 {[%emt 0:09:30]} 13. Bb6 {[%emt 0:09:10]} Qd7 {[%emt 0:00:12]} 14. Re1 {[%emt 0:01:03]} Bd8 {[%emt 0:17:02]} 15. Bxd8 {[%emt 0:06:55]} Rfxd8 {[%emt 0:00:06]} 16. Qe2 {[%emt 0:04:57]} Bc4 {[%emt 0:12:48]} 17. Qd2 {[%emt 0:01:26]} Qe6 {[%emt 0:03:28]} 18. Ra3 {[%emt 0:03:13]} d5 {[%emt 0:06:24]} 19. exd5 {[%emt 0:03:55]} Nbxd5 {[%emt 0:04:42]} 20. Nxd5 {[%emt 0:05:17]} Bxd5 {[%emt 0:00:20]} 21. Bxd5 {[%emt 0:00:35]} Rxd5 {[%emt 0:05:10]} 22. Qe2 {[%emt 0:00:35]} Qc6 {[%emt 0:04:31]} 23. c3 {[%emt 0:01:32]} Re8 {[%emt 0:00:32]} 24. Nd2 {[%emt 0:01:40]} Nd7 {[%emt 0:09:45]} 25. c4 {[%emt 0:04:15]} Rd4 {[%emt 0:01:28]} 26. Raa1 {[%emt 0:03:06]} f5 {[%emt 0:05:53]} 27. h3 {[%emt 0:03:02]} e4 {[%emt 0:02:01]} 28. b4 {[%emt 0:05:36]} Ne5 {[%emt 0:01:24]} 29. b5 {[%emt 0:03:36]} Qd7 {[%emt 0:01:38]} 30. Red1 {[%emt 0:01:22]} Rd8 {[%emt 0:00:52]} 31. bxa6 {[%emt 0:07:43]} bxa6 {[%emt 0:00:18]} 32. Ra2 {[%emt 0:01:12]} Nxc4 {[%emt 0:00:25]} 33. Nxc4 {[%emt 0:03:22]} Rxd1+ {[%emt 0:00:07]} 34. Kh2 {[%emt 0:00:06]} Qd3 {[%emt 0:02:51]} 35. Ne3 {[%emt 0:03:11]} Qxe2 {[%emt 0:00:11]} 36. Rxe2 {[%emt 0:00:08]} R1d2 {[%emt 0:00:13]} 37. Rxd2 {[%emt 0:00:34]} Rxd2 {[%emt 0:00:04]} 0-1

[Event "EIWCC 2017"]
[Site "Riga"]
[Date "2017.04.15"]
[Round "5"]
[White "Komiagina, Maria"]
[Black "Balajayeva, Khanim"]
[Result "1/2-1/2"]
[WhiteElo "2247"]
[BlackElo "2196"]
[Annotator "NA"]
[PlyCount "82"]
[EventDate "2017.??.??"]
[EventType "swiss"]
[EventCountry "LAT"]
[SourceTitle "playchess.com"]
[Source "ChessBase"]
[SourceQuality "1"]
[TimeControl "40/5400+30:1800+30"]

1. e4 {[%emt 0:00:00]} e5 {[%emt 0:00:10]} 2. Nf3 {[%emt 0:00:00]} Nc6 {[%emt 0:00:06]} 3. d4 {[%emt 0:00:00]} exd4 {[%emt 0:00:07]} 4. Nxd4 {[%emt 0:00:00]} Nf6 {[%emt 0:00:07]} 5. Nxc6 {[%emt 0:00:00]} bxc6 {[%emt 0:00:03]} 6. e5 {[%emt 0:00:04]} Qe7 {[%emt 0:00:08]} 7. Qe2 {[%emt 0:00:06]} Nd5 {[%emt 0:00:07]} 8. c4 {[%emt 0:00:06]} Nb6 {[%emt 0:00:03]} 9. Nd2 {[%emt 0:01:31]} Qe6 {[%emt 0:01:30]} 10. g3 {[%emt 0:02:35]} a5 {[%emt 0:11:40]} 11. Bg2 {[%emt 0:02:33]} Bb4 {[%emt 0:01:07]} 12. O-O {[%emt 0:01:11]} Bxd2 {[%emt 0:08:24] LiveBook: 3 Games} 13. Bxd2 {[%emt 0:00:09]} Qxc4 {[%emt 0:03:40]} 14. Qh5 {[%emt 0:00:26]} Nd5 {[%emt 0:15:55]} 15. Rfe1 {[%emt 0:02:22]} Ne7 {[%emt 0:09:47] [#]} 16. Qg5 $16 {[%emt 0:07:15]} (16. e6 $1 $18 {Threatens to win with Qxf7+.} dxe6 17. Qg5) 16... Ng6 {[%emt 0:01:49]} 17. Rac1 {[%emt 0:03:23]} Qxa2 {[%emt 0:10:07]} 18. f4 {[%emt 0:05:57]} h6 {[%emt 0:02:07]} 19. Qh5 {[%emt 0:00:12]} Ne7 {[%emt 0:05:00]} 20. f5 {[%emt 0:05:00]} Qxb2 {[%emt 0:06:36]} 21. Bc3 {[%emt 0:02:59]} Qb5 {[%emt 0:00:51]} 22. Kh1 {[%emt 0:09:09]} Bb7 {[%emt 0:06:44]} 23. e6 {[%emt 0:04:38]} O-O-O {[%emt 0:02:13]} 24. Qxf7 {[%emt 0:07:42]} Nxf5 {[%emt 0:00:35]} 25. Rb1 {[%emt 0:12:21]} Qc5 {[%emt 0:02:01]} 26. Be5 {[%emt 0:06:46]} Rhf8 {[%emt 0:01:03]} 27. exd7+ {[%emt 0:01:04]} Rxd7 {[%emt 0:00:09]} 28. Qb3 {[%emt 0:01:23]} Qb4 {[%emt 0:00:50]} 29. Qe6 {[%emt 0:00:41]} Qe7 {[%emt 0:00:38]} 30. Qc4 {[%emt 0:00:34]} Nd6 {[%emt 0:01:19]} 31. Qa4 {[%emt 0:00:26]} Rf5 {[%emt 0:07:32]} 32. Bf4 {[%emt 0:04:55]} Rb5 {[%emt 0:00:41]} 33. Rbc1 {[%emt 0:03:10]} Qf7 {[%emt 0:00:27]} 34. Bxd6 {[%emt 0:07:58]} Rxd6 {[%emt 0:00:09]} 35. Rf1 {[%emt 0:00:16]} Qe7 {[%emt 0:00:49]} 36. Rce1 {[%emt 0:00:48]} Re5 {[%emt 0:00:31]} 37. Rxe5 {[%emt 0:00:14]} Qxe5 {[%emt 0:00:17]} 38. Rf8+ {[%emt 0:00:04]} Kd7 {[%emt 0:00:16]} 39. Rf1 {[%emt 0:04:28]} Kc8 {[%emt 0:02:47]} 40. Rf8+ {[%emt 0:00:00]} Kd7 {[%emt 0:00:02]} 41. Rf1 {[%emt 0:00:59]} Kc8 {[%emt 0:04:14]} 1/2-1/2

[Event "EIWCC 2017"]
[Site "Riga"]
[Date "2017.04.15"]
[Round "5"]
[White "Abdulla, Khayala"]
[Black "Melia, Salome"]
[Result "1/2-1/2"]
[WhiteElo "2241"]
[BlackElo "2400"]
[Annotator "ChessBase"]
[PlyCount "128"]
[EventDate "2017.??.??"]
[EventType "swiss"]
[EventCountry "LAT"]
[SourceTitle "playchess.com"]
[Source "ChessBase"]
[SourceQuality "1"]
[TimeControl "40/5400+30:1800+30"]

1. e4 {[%emt 0:00:00]} c5 {[%emt 0:00:09]} 2. Nf3 {[%emt 0:00:00]} Nc6 {[%emt 0:00:07]} 3. d4 {[%emt 0:00:04]} cxd4 {[%emt 0:00:08]} 4. Nxd4 {[%emt 0:00:05]} Nf6 {[%emt 0:00:04]} 5. Nc3 {[%emt 0:00:19]} e5 {[%emt 0:00:06]} 6. Ndb5 {[%emt 0:00:29]} d6 {[%emt 0:00:07]} 7. Nd5 {[%emt 0:00:56]} Nxd5 {[%emt 0:00:29]} 8. exd5 {[%emt 0:00:03]} Nb8 {[%emt 0:00:08]} 9. c4 {[%emt 0:00:04]} Be7 {[%emt 0:00:10]} 10. Be2 {[%emt 0:00:07]} O-O {[%emt 0:00:06]} 11. O-O {[%emt 0:00:07]} Bd7 {[%emt 0:00:30]} 12. Nc3 {[%emt 0:03:27]} f5 {[%emt 0:00:17]} 13. f4 {[%emt 0:01:42]} Bf6 {[%emt 0:00:44]} 14. Kh1 {[%emt 0:01:14]} Na6 {[%emt 0:01:45]} 15. Be3 {[%emt 0:01:42]} Nc5 {[%emt 0:05:08]} 16. b4 {[%emt 0:04:59]} exf4 {[%emt 0:04:00]} 17. Bd4 {[%emt 0:00:43]} Ne4 {[%emt 0:09:54]} 18. Nxe4 {[%emt 0:03:40]} Bxd4 {[%emt 0:01:33]} 19. Qxd4 {[%emt 0:00:59]} fxe4 {[%emt 0:00:03]} 20. Qxe4 {[%emt 0:00:19]} Qf6 {[%emt 0:09:43]} 21. c5 {[%emt 0:05:15]} Rae8 {[%emt 0:10:44]} 22. Qc4 {[%emt 0:01:07]} Kh8 {[%emt 0:08:21]} 23. Bf3 {[%emt 0:03:34]} g5 {[%emt 0:01:51]} 24. c6 {[%emt 0:21:34]} Bc8 {[%emt 0:00:41]} 25. cxb7 {[%emt 0:08:49]} Bxb7 {[%emt 0:03:45]} 26. Rae1 {[%emt 0:00:04]} Bc8 {[%emt 0:05:47]} 27. Rxe8 {[%emt 0:02:19]} Rxe8 {[%emt 0:00:47]} 28. Bh5 {[%emt 0:00:06]} Rf8 {[%emt 0:01:20]} 29. h3 {[%emt 0:04:14]} Qe5 {[%emt 0:02:56]} 30. Bf3 {[%emt 0:06:27]} Bf5 {[%emt 0:07:34]} 31. Qa6 {[%emt 0:03:12]} Rf7 {[%emt 0:01:30]} 32. Qc6 {[%emt 0:03:55]} Kg7 {[%emt 0:04:19]} 33. Qc1 {[%emt 0:05:17]} Re7 {[%emt 0:03:20]} 34. Qd2 {[%emt 0:02:58]} Kg6 {[%emt 0:08:57]} 35. Qd1 {[%emt 0:04:09]} Qc3 {[%emt 0:00:59]} 36. Bh5+ {[%emt 0:04:32]} Kh6 {[%emt 0:02:16]} 37. h4 {[%emt 0:04:51]} Qxb4 {[%emt 0:04:44]} 38. hxg5+ {[%emt 0:02:57]} Kxg5 {[%emt 0:00:11]} 39. Bf3 {[%emt 0:00:23]} Qc3 {[%emt 0:03:07]} 40. Rg1 {[%emt 0:00:00]} Kf6 {[%emt 0:01:15]} 41. Qa4 {[%emt 0:06:03]} Qe5 {[%emt 0:01:08]} 42. g3 {[%emt 0:07:17]} Be4 {[%emt 0:12:33]} 43. Qxe4 {[%emt 0:02:14]} Qxe4 {[%emt 0:00:05]} 44. Bxe4 {[%emt 0:00:03]} Rxe4 {[%emt 0:00:06]} 45. gxf4 {[%emt 0:00:40]} Rd4 {[%emt 0:04:47]} 46. Kg2 {[%emt 0:09:11]} Rxd5 {[%emt 0:00:25]} 47. Kf3 {[%emt 0:02:03]} Ra5 {[%emt 0:00:12]} 48. Rd1 {[%emt 0:01:07]} Ke6 {[%emt 0:02:52]} 49. Rd2 {[%emt 0:00:17]} h5 {[%emt 0:00:32]} 50. Kg3 {[%emt 0:01:17]} Rf5 {[%emt 0:05:05]} 51. Re2+ {[%emt 0:02:07]} Kd7 {[%emt 0:01:13]} 52. Kf3 {[%emt 0:01:36]} Rf7 {[%emt 0:00:49]} 53. Rh2 {[%emt 0:00:28]} Rf5 {[%emt 0:01:14]} 54. Rg2 {[%emt 0:01:32]} Ra5 {[%emt 0:02:38]} 55. Ke4 {[%emt 0:00:53]} Ke6 {[%emt 0:02:11]} 56. Rg6+ {[%emt 0:00:18]} Ke7 {[%emt 0:01:01]} 57. Rh6 {[%emt 0:00:44]} Rxa2 {[%emt 0:01:00]} 58. Rh7+ {[%emt 0:02:20]} Kf6 {[%emt 0:00:54]} 59. Rh6+ {[%emt 0:00:08]} Kf7 {[%emt 0:00:35]} 60. Rxd6 {[%emt 0:01:42]} Ra4+ {[%emt 0:00:43]} 61. Kf5 {[%emt 0:00:56]} Ra5+ {[%emt 0:00:08]} 62. Ke4 {[%emt 0:00:02]} Ra4+ {[%emt 0:00:58]} 63. Kf5 {[%emt 0:00:01]} Ra5+ {[%emt 0:00:26]} 64. Ke4 {[%emt 0:00:02]} Ra4+ {[%emt 0:00:38]} 1/2-1/2

[Event "EIWCC 2017"]
[Site "Riga"]
[Date "2017.04.15"]
[Round "5"]
[White "Drljevic, Ljilja"]
[Black "Erneste, Inguna"]
[Result "1-0"]
[WhiteElo "2237"]
[BlackElo "2168"]
[Annotator "NA"]
[PlyCount "69"]
[EventDate "2017.??.??"]
[EventType "swiss"]
[EventCountry "LAT"]
[SourceTitle "playchess.com"]
[Source "ChessBase"]
[SourceQuality "1"]
[TimeControl "40/5400+30:1800+30"]

1. g3 {[%emt 0:00:00]} d5 {[%emt 0:00:49]} 2. Bg2 {[%emt 0:00:00]} Nf6 {[%emt 0:00:55]} 3. Nf3 {[%emt 0:01:14]} Nbd7 {[%emt 0:00:59]} 4. O-O {[%emt 0:02:14]} e5 {[%emt 0:10:26]} 5. d3 {[%emt 0:02:09]} Be7 {[%emt 0:03:16]} 6. Nbd2 {[%emt 0:07:13]} O-O {[%emt 0:01:24]} 7. e4 {[%emt 0:04:10]} dxe4 {[%emt 0:00:33]} 8. dxe4 {[%emt 0:00:03]} c6 {[%emt 0:01:16]} 9. b3 {[%emt 0:00:46]} Qc7 {[%emt 0:07:29]} 10. Bb2 {[%emt 0:01:15] LiveBook: 6 Games} b5 {[%emt 0:00:48]} 11. a3 {[%emt 0:04:45]} Re8 {[%emt 0:07:28]} 12. Nh4 $11 {[%emt 0:12:41]} g6 {[%emt 0:23:32]} 13. Re1 {[%emt 0:05:24]} Nc5 {[%emt 0:04:38]} 14. Nhf3 {[%emt 0:05:20]} Nfd7 {[%emt 0:00:36]} 15. Nf1 {[%emt 0:05:56]} a6 {[%emt 0:04:38]} 16. Ne3 {[%emt 0:08:53]} f6 {[%emt 0:01:01]} 17. Nd2 {[%emt 0:03:55]} Nf8 {[%emt 0:00:11]} 18. a4 {[%emt 0:09:16]} Rb8 {[%emt 0:01:02]} 19. axb5 {[%emt 0:01:25]} axb5 {[%emt 0:00:04]} 20. Bc3 {[%emt 0:07:01]} Nb7 {[%emt 0:03:59]} 21. b4 {[%emt 0:01:47]} Ne6 {[%emt 0:02:52]} 22. Qb1 {[%emt 0:00:36]} Rd8 {[%emt 0:01:31]} 23. Qa2 {[%emt 0:03:23]} Kg7 {[%emt 0:01:15]} 24. Qb2 {[%emt 0:00:03]} Bd7 {[%emt 0:11:08]} 25. f4 {[%emt 0:03:04]} exf4 {[%emt 0:03:33]} 26. Nf5+ {[%emt 0:00:50]} gxf5 {[%emt 0:00:38]} 27. exf5 {[%emt 0:00:03]} Qb6+ {[%emt 0:04:45]} 28. Kh1 {[%emt 0:00:34]} fxg3 {[%emt 0:00:08]} 29. fxe6 {[%emt 0:00:31]} Bc8 {[%emt 0:00:13]} 30. Ne4 {[%emt 0:01:44]} Rf8 {[%emt 0:00:58]} 31. Rf1 {[%emt 0:02:56]} Bxe6 {[%emt 0:02:02]} 32. Bxf6+ {[%emt 0:01:06]} Bxf6 {[%emt 0:00:33]} 33. Nxf6 {[%emt 0:02:10]} Kh6 {[%emt 0:00:53]} 34. Qe5 {[%emt 0:00:24]} Bf7 {[%emt 0:01:14]} 35. Ng4+ {[%emt 0:00:13]} 1-0

[Event "EIWCC 2017"]
[Site "Riga"]
[Date "2017.04.15"]
[Round "5"]
[White "Toma, Katarzyna"]
[Black "Mammadova, Gulnar"]
[Result "0-1"]
[WhiteElo "2229"]
[BlackElo "2357"]
[Annotator "NA"]
[PlyCount "106"]
[EventDate "2017.??.??"]
[EventType "swiss"]
[EventCountry "LAT"]
[SourceTitle "playchess.com"]
[Source "ChessBase"]
[SourceQuality "1"]
[TimeControl "40/5400+30:1800+30"]

1. e4 {[%emt 0:00:00]} e6 {[%emt 0:00:07]} 2. d3 {[%emt 0:00:00]} c5 {[%emt 0:02:21]} 3. Nf3 {[%emt 0:00:49]} d5 {[%emt 0:01:18]} 4. Nbd2 {[%emt 0:00:18]} Nc6 {[%emt 0:00:27]} 5. g3 {[%emt 0:00:49]} g6 {[%emt 0:00:14]} 6. Bg2 {[%emt 0:00:19]} Bg7 {[%emt 0:00:24]} 7. O-O {[%emt 0:00:19]} Nge7 {[%emt 0:00:15]} 8. Qe2 $11 {[%emt 0:02:18] LiveBook: 24 Games} b6 {[%emt 0:02:21]} 9. Re1 {[%emt 0:02:18]} a5 {[%emt 0:01:04]} 10. e5 {[%emt 0:07:05]} h6 {[%emt 0:06:30]} 11. Nf1 {[%emt 0:02:22]} g5 {[%emt 0:08:26]} 12. h3 {[%emt 0:16:35]} Ng6 {[%emt 0:04:28]} 13. c4 {[%emt 0:00:53]} O-O {[%emt 0:05:15]} 14. Ne3 {[%emt 0:08:38]} Ncxe5 {[%emt 0:02:58]} 15. Nxe5 {[%emt 0:00:23]} Nxe5 {[%emt 0:00:08]} 16. f4 {[%emt 0:04:03]} gxf4 {[%emt 0:04:53]} 17. gxf4 {[%emt 0:00:05]} Ng6 {[%emt 0:00:12]} 18. Ng4 {[%emt 0:04:52]} f5 {[%emt 0:03:56]} 19. Ne5 {[%emt 0:02:06]} Nxe5 {[%emt 0:01:48]} 20. fxe5 {[%emt 0:00:05]} Bb7 {[%emt 0:01:38]} 21. Bf4 {[%emt 0:02:14]} Qh4 {[%emt 0:06:26]} 22. Rf1 {[%emt 0:01:33]} Rad8 {[%emt 0:00:47]} 23. Kh2 {[%emt 0:02:08]} Rf7 {[%emt 0:02:36]} 24. Rad1 {[%emt 0:09:11]} Rfd7 {[%emt 0:02:45]} 25. b3 dxc4 {[%emt 0:03:45]} 26. Bxb7 {[%emt 0:05:21]} Rxb7 {[%emt 0:00:10]} 27. dxc4 {[%emt 0:01:30]} Rbd7 {[%emt 0:05:11]} 28. Rd6 {[%emt 0:05:27]} Rxd6 {[%emt 0:05:23]} 29. exd6 {[%emt 0:00:02]} Qf6 {[%emt 0:01:22]} 30. Rg1 {[%emt 0:06:55]} Kh7 {[%emt 0:02:49]} 31. Rxg7+ {[%emt 0:03:25]} Qxg7 {[%emt 0:00:22]} 32. Qxe6 {[%emt 0:00:13]} Qb2+ {[%emt 0:03:30]} 33. Kh1 {[%emt 0:00:38]} Qb1+ {[%emt 0:00:26]} 34. Kh2 {[%emt 0:01:33]} Qxa2+ {[%emt 0:01:25]} 35. Kh1 {[%emt 0:00:32]} Qb1+ {[%emt 0:00:05]} 36. Kh2 {[%emt 0:00:08]} Qc2+ {[%emt 0:00:10]} 37. Kh1 {[%emt 0:00:08]} Qe4+ {[%emt 0:00:31]} 38. Qxe4 {[%emt 0:00:05]} fxe4 {[%emt 0:00:04]} 39. Kg2 {[%emt 0:00:06]} Kg6 {[%emt 0:00:41]} 40. Kf2 {[%emt 0:00:00]} Kf5 {[%emt 0:01:25]} 41. Ke3 {[%emt 0:00:21]} Rd7 {[%emt 0:02:22]} 42. Bh2 {[%emt 0:00:29]} h5 {[%emt 0:00:33]} 43. Bf4 {[%emt 0:00:09]} Ra7 {[%emt 0:01:02]} 44. Bh2 {[%emt 0:01:24]} a4 {[%emt 0:03:48]} 45. bxa4 {[%emt 0:00:18]} Rxa4 {[%emt 0:00:15]} 46. d7 {[%emt 0:01:26]} Ra3+ {[%emt 0:00:08]} 47. Ke2 {[%emt 0:00:03]} Rd3 {[%emt 0:00:05]} 48. Bc7 {[%emt 0:00:20]} Rxd7 {[%emt 0:00:05]} 49. Bxb6 {[%emt 0:00:05]} Rd3 {[%emt 0:00:34]} 50. Bxc5 {[%emt 0:00:17]} Rxh3 {[%emt 0:00:12]} 51. Be3 {[%emt 0:00:41]} Ke5 {[%emt 0:00:28]} 52. c5 {[%emt 0:01:09]} Kd5 {[%emt 0:00:17]} 53. Bg1 {[%emt 0:00:48]} Rc3 {[%emt 0:00:41]} 0-1

[Event "EIWCC 2017"]
[Site "Riga"]
[Date "2017.04.15"]
[Round "5"]
[White "Gevorgyan, Maria"]
[Black "Bulmaga, Irina"]
[Result "0-1"]
[WhiteElo "2227"]
[BlackElo "2394"]
[Annotator "NA"]
[PlyCount "74"]
[EventDate "2017.??.??"]
[EventType "swiss"]
[EventCountry "LAT"]
[SourceTitle "playchess.com"]
[Source "ChessBase"]
[SourceQuality "1"]
[TimeControl "40/5400+30:1800+30"]

1. e4 {[%emt 0:00:00]} e6 {[%emt 0:00:08]} 2. d4 {[%emt 0:00:00]} d5 {[%emt 0:00:08]} 3. Nc3 {[%emt 0:00:00]} Nf6 {[%emt 0:00:07]} 4. Bg5 {[%emt 0:00:03]} dxe4 {[%emt 0:00:09]} 5. Nxe4 {[%emt 0:00:11]} Be7 {[%emt 0:00:08]} 6. Bxf6 {[%emt 0:03:18]} gxf6 {[%emt 0:00:08]} 7. f4 {[%emt 0:01:01]} f5 {[%emt 0:02:18]} 8. Nf2 {[%emt 0:02:17]} Qd6 {[%emt 0:02:53]} 9. Qd2 {[%emt 0:00:41]} c5 {[%emt 0:02:50]} 10. Nf3 {[%emt 0:02:48]} Nc6 {[%emt 0:07:23]} 11. O-O-O {[%emt 0:07:51]} cxd4 {[%emt 0:04:04]} 12. Bb5 {[%emt 0:06:17]} ({But not} 12. Nxd4 $2 Qxd4 13. Qxd4 Nxd4 14. Rxd4 Bc5 15. Bb5+ Ke7 $19) 12... Bd7 {[%emt 0:06:04]} 13. Rhg1 {[%emt 0:08:49]} O-O-O {[%emt 0:04:48]} 14. Bxc6 {[%emt 0:04:56]} Bxc6 {[%emt 0:01:55]} ({Don't do} 14... Qxc6 15. Nxd4 Qb6 16. g4 $15) 15. Nxd4 $17 {[%emt 0:01:25]} Bf6 {[%emt 0:05:44]} 16. c3 {[%emt 0:08:04]} Bxd4 {[%emt 0:13:51]} 17. Qxd4 {[%emt 0:11:27]} Qxd4 {[%emt 0:00:33]} 18. cxd4 {[%emt 0:00:02]} Rd7 {[%emt 0:11:21]} 19. Kc2 {[%emt 0:01:24]} Rhd8 {[%emt 0:00:35]} 20. Kc3 {[%emt 0:00:12]} Rc7 {[%emt 0:00:26]} 21. Kd3 {[%emt 0:00:16]} Bd5 {[%emt 0:08:15]} 22. b3 {[%emt 0:01:20]} Rd6 {[%emt 0:00:50]} 23. Rc1 {[%emt 0:10:36]} Ra6 {[%emt 0:01:06]} 24. Rxc7+ {[%emt 0:12:30]} Kxc7 {[%emt 0:03:01]} 25. Rc1+ {[%emt 0:02:55]} Kd7 {[%emt 0:00:17]} 26. Rc2 {[%emt 0:00:06]} Bxg2 {[%emt 0:00:18]} 27. Ke3 {[%emt 0:00:05]} Rc6 {[%emt 0:01:16]} 28. Rxc6 {[%emt 0:03:21]} Kxc6 {[%emt 0:00:21]} 29. Nd3 {[%emt 0:00:04]} f6 {[%emt 0:00:32]} 30. Kf2 {[%emt 0:01:56]} Be4 {[%emt 0:00:39]} 31. Nc5 {[%emt 0:00:04]} Bd5 {[%emt 0:01:27]} 32. Nd3 {[%emt 0:00:49]} b6 {[%emt 0:00:37]} 33. Nc1 {[%emt 0:01:03]} Kb5 {[%emt 0:00:44]} 34. Ne2 {[%emt 0:03:33]} Kb4 {[%emt 0:00:43]} 35. Ng3 {[%emt 0:00:05]} Ka3 {[%emt 0:02:48]} 36. Nh5 {[%emt 0:00:04]} Kxa2 {[%emt 0:00:31]} 37. Nxf6 {[%emt 0:00:04]} Kxb3 {[%emt 0:00:25]} 0-1

[Event "EIWCC 2017"]
[Site "Riga"]
[Date "2017.04.15"]
[Round "5"]
[White "Semenova, Elena"]
[Black "Milliet, Sophie"]
[Result "1-0"]
[WhiteElo "2212"]
[BlackElo "2352"]
[Annotator "NA"]
[PlyCount "79"]
[EventDate "2017.??.??"]
[EventType "swiss"]
[EventCountry "LAT"]
[SourceTitle "playchess.com"]
[Source "ChessBase"]
[SourceQuality "1"]
[TimeControl "40/5400+30:1800+30"]

1. d4 {[%emt 0:00:00]} c5 {[%emt 0:01:43]} 2. d5 {[%emt 0:00:27]} Nf6 {[%emt 0:00:17]} 3. c4 {[%emt 0:00:56]} b5 {[%emt 0:00:15]} 4. Qc2 {[%emt 0:04:31]} g6 $14 {[%emt 0:01:29] LiveBook: 43 Games} 5. e4 {[%emt 0:01:56]} Bg7 {[%emt 0:00:11]} 6. Nf3 {[%emt 0:03:55]} O-O {[%emt 0:00:06]} 7. cxb5 {[%emt 0:01:08]} Bb7 {[%emt 0:00:29]} 8. Bd3 {[%emt 0:06:17]} e6 {[%emt 0:03:34]} 9. O-O {[%emt 0:06:35]} exd5 {[%emt 0:01:10]} 10. e5 {[%emt 0:13:30]} Ne4 {[%emt 0:01:49]} 11. Nbd2 {[%emt 0:02:26]} Nxd2 {[%emt 0:04:35]} 12. Bxd2 {[%emt 0:00:05]} c4 {[%emt 0:00:22]} 13. Be2 {[%emt 0:00:29]} a6 {[%emt 0:00:14]} 14. a4 {[%emt 0:07:55]} Re8 {[%emt 0:04:22]} 15. Bc3 {[%emt 0:06:07]} Qe7 {[%emt 0:17:53]} 16. b3 {[%emt 0:08:09]} axb5 {[%emt 0:18:04]} 17. axb5 {[%emt 0:01:10]} Rxa1 {[%emt 0:02:01]} 18. Rxa1 {[%emt 0:00:04]} Qc5 {[%emt 0:02:02]} 19. Bd4 {[%emt 0:03:29]} Qxb5 {[%emt 0:00:10]} 20. bxc4 {[%emt 0:00:06]} Qc6 {[%emt 0:03:47]} 21. Qb3 {[%emt 0:03:27]} Rc8 {[%emt 0:12:44]} 22. Rb1 {[%emt 0:05:38]} Ba8 {[%emt 0:00:07]} 23. Be3 {[%emt 0:03:04]} d4 {[%emt 0:02:24]} 24. Bxd4 {[%emt 0:01:08]} Na6 {[%emt 0:01:34]} 25. Qe3 {[%emt 0:00:29]} Nc7 {[%emt 0:00:46]} 26. Rb6 {[%emt 0:02:40]} Qa4 {[%emt 0:00:04]} 27. Ng5 {[%emt 0:01:31]} Bh6 {[%emt 0:06:19]} 28. e6 {[%emt 0:03:14]} Nxe6 {[%emt 0:02:11]} 29. Rxe6 {[%emt 0:00:41]} dxe6 30. Qe5 {[%emt 0:00:18]} Kf8 {[%emt 0:00:14]} 31. Qh8+ {[%emt 0:02:01]} Ke7 {[%emt 0:00:01]} 32. Qf6+ Kd6 {[%emt 0:01:41]} 33. Nxf7+ {[%emt 0:01:26]} Kd7 {[%emt 0:00:09]} 34. Ne5+ {[%emt 0:01:10]} Kd6 {[%emt 0:00:28]} 35. c5+ {[%emt 0:03:33]} Kd5 {[%emt 0:02:12]} 36. Nc4 {[%emt 0:00:34]} Qa7 {[%emt 0:03:25]} 37. Qe5+ {[%emt 0:01:30]} Kc6 {[%emt 0:00:00]} 38. Qxe6+ {[%emt 0:00:26]} Kb5 {[%emt 0:00:22]} 39. Nd6+ {[%emt 0:00:38]} Kb4 {[%emt 0:00:22]} 40. Qc4+ {[%emt 0:00:00]} 1-0

[Event "EIWCC 2017"]
[Site "Riga"]
[Date "2017.04.15"]
[Round "5"]
[White "Isgandarova, Khayala"]
[Black "Osmak, Iulija"]
[Result "0-1"]
[WhiteElo "2211"]
[BlackElo "2348"]
[Annotator "ChessBase"]
[PlyCount "46"]
[EventDate "2017.??.??"]
[EventType "swiss"]
[EventCountry "LAT"]
[SourceTitle "playchess.com"]
[Source "ChessBase"]
[SourceQuality "1"]
[TimeControl "40/5400+30:1800+30"]

1. e4 {[%emt 0:00:00]} e6 {[%emt 0:02:06]} 2. d4 {[%emt 0:00:00]} d5 {[%emt 0:00:06]} 3. Nc3 {[%emt 0:00:00]} Nf6 {[%emt 0:00:04]} 4. e5 {[%emt 0:00:00]} Nfd7 {[%emt 0:00:05]} 5. f4 {[%emt 0:00:00]} c5 {[%emt 0:00:04]} 6. Nf3 {[%emt 0:00:08]} Be7 {[%emt 0:00:18]} 7. Be2 {[%emt 0:00:31]} Nc6 {[%emt 0:00:19]} 8. Be3 {[%emt 0:00:04]} b6 {[%emt 0:00:28]} 9. Qd2 {[%emt 0:02:13]} O-O {[%emt 0:00:25]} 10. O-O {[%emt 0:00:38]} f5 {[%emt 0:00:27]} 11. exf6 {[%emt 0:08:05]} Nxf6 {[%emt 0:00:22]} 12. Bb5 {[%emt 0:10:31]} Na5 {[%emt 0:03:21]} 13. Ne5 {[%emt 0:04:45]} c4 {[%emt 0:01:36]} 14. Nc6 {[%emt 0:10:52]} Nxc6 {[%emt 0:23:40]} 15. Bxc6 {[%emt 0:00:05]} Rb8 {[%emt 0:00:04]} 16. f5 {[%emt 0:01:03]} Qc7 {[%emt 0:04:01]} 17. Bf4 {[%emt 0:03:19]} Bd6 {[%emt 0:01:59]} 18. Bxd6 {[%emt 0:17:29]} Qxd6 {[%emt 0:00:40]} 19. Qf4 {[%emt 0:00:20]} Rd8 {[%emt 0:03:35]} 20. fxe6 {[%emt 0:10:08]} Bxe6 {[%emt 0:03:23]} 21. Qg5 {[%emt 0:06:42]} Ng4 {[%emt 0:05:12]} 22. g3 {[%emt 0:06:06]} Qxc6 {[%emt 0:00:47]} 23. h3 {[%emt 0:00:43]} Nh6 {[%emt 0:00:32]} 0-1